| 000 | 00562nam a2200193Ia 4500 | ||
|---|---|---|---|
| 003 | PILC | ||
| 005 | 20160128135010.0 | ||
| 008 | 140321s9999 xx 000 0 und d | ||
| 020 | _a9789719983033 | ||
| 050 |
_aBC 108 _b.T79 2013 |
||
| 100 | _aTubo, Dennis V. | ||
| 245 |
_aLogic : _cDennis V. Tubo. _bfor right living / |
||
| 260 |
_aManila : _bPurely Books Trading and Pub. Corp., _c2013. |
||
| 300 |
_a184 pages : _c23 cm. _billustrations ; |
||
| 500 | _aIncludes bibliographical references. | ||
| 650 | _aLogic. | ||
| 942 |
_kLOC _cBK _2lcc |
||
| 999 |
_c48470 _d48470 |
||